000 00647na a2200241 4500
001 23555
003 MIRAKIL
005 20181213155303.0
008 180110b tu 000 0
020 _a9756984066
040 _aMilas
_btur
_cTR-AnCHP
041 _atur
082 _a615.1
_bŞ35s 1998
090 _a615.1 Ş35s 1998
100 _aŞemin, Semih
245 _aSosyal ve ekonomik yönleriyle ilaç
_cSemih Şemin
260 _aAnkara
_bTürk Tabipleri Birliği
_c1998
300 _a58 s.
_bgrf.
_c24 sm.
504 _aKaynakça var.
650 _aİlaç
_xToplumsal açı
650 _aİlaç
_xEkonomik açı
942 _2ddc
_cBKS
999 _c9963
_d9963